000 00439 a2200181 4500
003 Nust
005 20170207154058.0
028 _aRadio Treatise company
040 _cNust
082 _a621.384
100 _aJohn F. Rider
245 _aTrouble shooters̕ manual
260 _aNew York City
300 _aVarious pages
505 _acontents not available
538 _aAlmirah No.38 Shelf No.6
650 _aTelecommunication engineering
942 _2ddc
_cBK
999 _c193454
_d193454